000 00946cam a2200289 a 4500
001 25652
003 BD-RjUL
005 20211209050916.0
008 821012s1984 ilua be 000 0deng
020 _a0852294131 (set)
035 _a(BD-RjUL)25722
040 _aDLC
_cDLC
_dDLC
_dOCoLC
_beng
041 _aeng
082 0 0 _a032
_219
_bNEW 1984
245 0 4 _aThe New Encyclopaedia Britannica :
_bMicropaedia : Ready Reference and Index
_nVolume III :
_pColemanite -- Exclusionists
250 _a15th ed.
260 _aChicago :
_bEncyclopaedia Britannica,
_cc1984.
300 _a1023 p. :
_bill. ;
_c29 cm.
500 _aSpine title: Encyclopaedia Britannica.
500 _a"In 30 volumes"
505 0 _aPropaedia (1 v.) -- Micropaedia (10 v.) -- Macropaedia (19 v.)
650 0 _aEncyclopedias and dictionaries.
_977845
740 0 _aEncyclopaedia Britannica.
942 _2ddc
_cREF
999 _c25652
_d25652